Województwa Polski - nagła śmierć - Statystyki

Ogólne statystyki
  • Ten quiz został rozwiązany 208 razy
  • Średni wynik to 13 z 16
Answers on the Grid
Answers color-coded by a green-red scale on the quiz's grid according to % correct below.
Pomorskie
Zachodniopomorskie
Śląskie
Górnośląskie
Koszalińskie
Radomskie
Podkarpackie
Lubelskie
Wschodniopomorskie
Kołobrzeskie
Dolnośląskie
Warmińsko-Pomorskie
Słupskie
Kujawsko-Pomorskie
Lubuskie
Warmińsko-Mazurskie
Warszawskie
Opolskie
Królewieckie
Podlaskie
Częstochowskie
Małopolskie
Lwowskie
Łódzkie
Zachodniolubelskie
Zamojskie
Mazowieckie
Świętokrzyskie
Wołyńskie
Wielkopolskie
 
Statystyki odpowiedzi
Odpowiedź % Poprawnych
Pomorskie
94%
Śląskie
94%
Zachodniopomorskie
93%
Podkarpackie
91%
Lubelskie
85%
Dolnośląskie
83%
Kujawsko-Pomorskie
77%
Opolskie
76%
Świętokrzyskie
76%
Lubuskie
75%
Podlaskie
75%
Warmińsko-Mazurskie
75%
Łódzkie
74%
Małopolskie
74%
Mazowieckie
74%
Wielkopolskie
74%
Nie znaleziono quizów pasujących do podanych kryteriów
Rozkład punktacji
Procent ludzi z każdym wynikiem
Percentyl według liczby udzielonych odpowiedzi
Twoja historia wyników
Nie rozwiązałeś tego quizu